[Event "Helmut Kohls It"]
[Site "Dortmund GER"]
[Date "2010.07.24"]
[Round "8"]
[White "Webb,L"]
[Black "Klyuner,V"]
[Result "1/2-1/2"]
[WhiteElo "2313"]
[BlackElo "2443"]

1.e4 d6 2.d4 Nf6 3.Nc3 e5 4.Nf3 Nbd7 5.Bc4 Be7 6.O-O O-O 7.Re1 c6 8.a4 b6
9.b3 Rb8 10.h3 a6 11.Bf1 b5 12.axb5 cxb5 13.Bb2 Bb7 14.dxe5 Nxe5 15.Nd4 b4
16.Nd5 Nxd5 17.exd5 a5 18.Nf3 Nd7 19.Bb5 Bf6 20.Bxf6 Nxf6 21.Bc4 Rc8 22.Nd4 g6
23.Nc6 Bxc6 24.dxc6 Rxc6 25.Qd4 d5 26.Bd3 Qc7 27.Re3 Rd8 28.Rae1 Qb6 29.Qxb6 Rxb6
30.Re7 Ra8 31.Rc7 Re6 32.Ra1 Ne4 33.f3 Nc3 34.Rc5 Kg7 35.Rcxa5 Rxa5 36.Rxa5 Kf6
37.Ra7 h5 38.Rb7 Na2 39.h4 Re1+ 40.Kf2 Re6 41.g3 Re5 42.Rb6+ Ke7 43.f4 Re6
44.Rb5 Kd6 45.f5 gxf5 46.Bxf5 Re7 47.Bd3 Ke5 48.Ke3 Re8 49.Rb7 Rf8 50.Re7+ Kf6
51.Ra7 Nc3 52.Rb7 Ke5 53.Rxb4 Rg8 54.Kf3 f5 55.Kf2 Ne4+ 56.Bxe4 fxe4 57.Rb5 Rf8+
58.Ke2 Kd4 59.c4 dxc4 60.bxc4 Rf3 61.Rxh5 Rxg3 62.Rd5+ Kxc4 63.Rd8 Rh3 64.h5 Rxh5
65.Ke3 Rh4 66.Rd4+ Kc5 67.Rxe4 Rxe4+ 68.Kxe4  1/2-1/2

[Event "COQ Inv"]
[Site "Montreal CAN"]
[Date "2010.07.24"]
[Round "1"]
[White "Jiang,L"]
[Black "Gagunashvili,M"]
[Result "1/2-1/2"]
[WhiteElo "2312"]
[BlackElo "2596"]

1.e4 d6 2.d4 Nf6 3.Nc3 e5 4.dxe5 dxe5 5.Qxd8+ Kxd8 6.Bg5 Bd6 7.Bc4 Ke8 8.Nge2 a6
9.a4 Nbd7 10.f3 h6 11.Be3 b6 12.O-O-O Bb7 13.Nd5 Nxd5 14.Bxd5 Bxd5 15.Rxd5 Ke7
16.Rhd1 Rad8 17.Kb1 Nf6 18.R5d3 Ke6 19.c4 Be7 20.Rxd8 Rxd8 21.Rxd8 Bxd8 22.c5 b5
23.axb5 axb5 24.Kc2 c6  1/2-1/2

[Event "3rd Open"]
[Site "Paleochora GRE"]
[Date "2010.07.24"]
[Round "4"]
[White "Parligras,M"]
[Black "Orlov,And"]
[Result "1/2-1/2"]
[WhiteElo "2574"]
[BlackElo "2502"]

1.e4 d6 2.d4 Nf6 3.Nc3 e5 4.Nf3 Nbd7 5.Bc4 Be7 6.O-O O-O 7.Re1 c6 8.a4 a5
9.h3 Nb6 10.Ba2 Nfd7 11.Be3 exd4 12.Bxd4 Nc5 13.Bxc5 dxc5 14.Qe2 Qd6 15.Rad1 Qh6
16.Nd2 Be6 17.Nc4 Bxc4 18.Bxc4 Rad8 19.Bb3 Rxd1 20.Rxd1 Rd8  1/2-1/2

[Event "XIV Battle Of Senta"]
[Site "Senta SRB"]
[Date "2010.07.24"]
[Round "9"]
[White "Vucinic,G"]
[Black "Vranic,L"]
[Result "1/2-1/2"]
[WhiteElo "2038"]
[BlackElo "2150"]

1.e4 d6 2.d4 Nd7 3.Nc3 Ngf6 4.Nf3 e5 5.Bc4 Be7 6.O-O O-O 7.Re1 c6 8.a4 a5
9.b3 exd4 10.Qxd4 Qc7 11.Ba3 Ne5 12.Nd2 Ng6 13.Rad1 Rd8 14.Nf1 Be6 15.Ne3 d5
16.Bxe7 Nxe7 17.exd5 Nexd5 18.Ncxd5 Nxd5 19.Bxd5 cxd5 20.Rd2 h6 21.h3 Rac8
22.Red1 Kh7 23.Qh4 Qc3 24.Qd4 Qxd4 25.Rxd4 Rc3 26.Nxd5 Bxd5 27.Rxd5 Rdc8
28.Rd7 b6 29.R1d2 Rxc2 30.Rxc2 Rxc2 31.Rxf7 Rc1+ 32.Kh2 Rc3 33.Rf3 Rc5 34.g4 Kg6
35.Kg3 h5 36.Re3 b5 37.gxh5+ Rxh5 38.Re6+ Kf7 39.Rb6 b4 40.Rd6 Rc5 41.Rd3 Rc3
42.Re3 Kf6 43.Kf4 Rc2 44.Rf3 Re2 45.h4 g6 46.Kg3+ Kg7 47.Rd3 Rc2 48.Kf3 Kh6
49.Kg3 Kg7 50.Kf3 Kh6 51.Ke3 Kh5  1/2-1/2

[Event "XIV Battle Of Senta"]
[Site "Senta SRB"]
[Date "2010.07.24"]
[Round "9"]
[White "Vujic,M"]
[Black "Sutorikhin,V"]
[Result "0-1"]
[WhiteElo "2328"]
[BlackElo "2333"]

1.e4 d6 2.d4 Nf6 3.Nc3 e5 4.Nf3 Nbd7 5.Bc4 Be7 6.dxe5 Nxe5 7.Nxe5 dxe5 8.Qxd8+ Bxd8
9.Bg5 c6 10.f3 O-O 11.O-O-O Re8 12.Rd3 h6 13.Rhd1 Be7 14.Be3 b5 15.Bb3 a5
16.a3 b4 17.axb4 axb4 18.Nb1 Ba6 19.R3d2 Reb8 20.Ba4 c5 21.b3 c4 22.bxc4 Bxc4
23.Bb3 Rc8 24.Kb2 Rc6 25.Bxc4 Rxc4 26.Rd3 Rac8 27.Rc1 Ne8 28.Nd2 Rc3 29.Nb3 Nd6
30.Rxc3 bxc3+ 31.Kb1 Nc4 32.Re1 Rd8 33.Bc1 Bb4 34.Be3 f6 35.h3 Kf7 36.Ka2 h5
37.Nc1 Nd2 38.Ka1 Ba3 39.Ka2 Bxc1  0-1

[Event "MGU-12 Open"]
[Site "Sofia BUL"]
[Date "2010.07.24"]
[Round "2"]
[White "Hristov,K"]
[Black "Dimitrov,Al"]
[Result "0-1"]
[WhiteElo "1576"]
[BlackElo "2009"]

1.d4 Nf6 2.Nc3 d6 3.e4 e5 4.dxe5 dxe5 5.Qxd8+ Kxd8 6.Bg5 Be6 7.O-O-O+ Nd7
8.f4 exf4 9.e5 h6 10.Bxf4 Ng4 11.Nh3 g5 12.Bg3 Bg7 13.Be2 Nxe5 14.Nf2 f5
15.Nd3 Nxd3+ 16.Rxd3 f4 17.Bf2 c6 18.Rhd1 Kc7 19.Rd6 Rhe8 20.Bc4 Bf5 21.h3 Nb6
22.Bb3 Rad8  0-1

[Event "XIX ch-Macedonia Open"]
[Site "Struga MKD"]
[Date "2010.07.24"]
[Round "9"]
[White "Nikolov,Sas"]
[Black "Skrceski,G"]
[Result "0-1"]
[WhiteElo "2409"]
[BlackElo "2215"]

1.d4 d6 2.e4 Nf6 3.Nc3 c6 4.f4 Bg4 5.Qd3 Qa5 6.e5 Nd5 7.Qg3 Bf5 8.Bd3 Bxd3
9.Qxd3 Nb4 10.Qd2 e6 11.a3 Nd5 12.Nge2 dxe5 13.fxe5 c5 14.O-O Nxc3 15.bxc3 Nc6
16.Rb1 Rd8 17.Rxb7 Be7 18.Qd3 cxd4 19.cxd4 O-O 20.Qe4 Nxd4 21.Nxd4 Rxd4 22.Qf3 Qd8
23.Be3 Rd5 24.c4 Rxe5 25.Rd1 Qe8 26.Rxa7 Bc5 27.Bxc5 Rxc5 28.Rdd7 Rxc4 29.h3 Rc1+
30.Kf2 Rc2+ 31.Kg3 Qb8+ 32.Kh4 Rc4+ 33.g4 Rf4 34.Qe3 Rf6 35.Rac7 h6 36.a4 Qa8
37.Qa3 Rf3 38.Qd6 g5+  0-1

[Event "Najdorf Mem Open A"]
[Site "Warsaw POL"]
[Date "2010.07.24"]
[Round "8"]
[White "Lewandowski,Ra"]
[Black "Zurkowski,A"]
[Result "0-1"]
[WhiteElo "2240"]
[BlackElo "2175"]

1.e4 d6 2.d4 c6 3.Nc3 Nf6 4.f3 Qc7 5.Bg5 Nbd7 6.a4 e5 7.Nge2 g6 8.Qd2 Bg7
9.Bh6 Bxh6 10.Qxh6 b6 11.O-O-O Ba6 12.Kb1 O-O-O 13.Nc1 Bxf1 14.Rhxf1 a6 15.f4 exd4
16.Rxd4 Rhe8 17.Qg7 c5 18.Rdd1 Nxe4 19.Nd5 Qb7 20.Qxh7 Ndf6 21.Qh3+ Kb8 22.Nxf6 Nxf6
23.f5 g5 24.Qg3 Ne4 25.Qb3 d5 26.Ne2 d4 27.Ng3 Nf6 28.Rfe1 Nd5 29.Nf1 Ka7
30.Qg3 f6 31.h4 gxh4 32.Qxh4 Qd7 33.Qh5 Rg8 34.Qf3 Qxa4 35.Re6 Rd7 36.Qe2 Nf4
37.Qf3 Nxe6 38.fxe6 Re7 39.Qd5 Qe8 40.c3 Rg5 41.Qd6 Re5  0-1

[Event "Najdorf Mem Open A"]
[Site "Warsaw POL"]
[Date "2010.07.24"]
[Round "8"]
[White "Zaninotto,F"]
[Black "Erzhanov,A"]
[Result "1/2-1/2"]
[WhiteElo "2189"]
[BlackElo "2363"]

1.e4 d6 2.d4 Nf6 3.Nc3 e5 4.Nf3 Nbd7 5.Bc4 Be7 6.O-O O-O 7.Re1 c6 8.a4 a5
9.h3 exd4 10.Nxd4 Nb6 11.Bf1 d5 12.exd5 Nbxd5 13.Nxd5 Nxd5 14.c3 Bc5 15.Bd3 Qf6
16.Qh5 g6 17.Qe5 Bd7 18.Qxf6 Nxf6 19.Nb3 Bb6 20.Be3 Bxe3 21.Rxe3 Nd5  1/2-1/2

[Event "TCh-MNE Premier League"]
[Site "Cetinje MNE"]
[Date "2010.07.25"]
[Round "2"]
[White "Ivanovic,B"]
[Black "Pikula,D"]
[Result "1/2-1/2"]
[WhiteElo "2410"]
[BlackElo "2547"]

1.e4 d6 2.d4 Nf6 3.Nc3 e5 4.Nf3 Nbd7 5.Bc4 Be7 6.O-O O-O 7.a3 c6 8.Ba2 h6
9.Re1 Qc7 10.h3 Re8 11.dxe5 dxe5 12.Nh4 Nf8 13.Qf3 Be6 14.Nf5 Bxa2 15.Nxa2 Ne6
16.Be3 Ng5 17.Bxg5 hxg5 18.Rad1 a5 19.Nc1 g6 20.Nh6+ Kg7 21.Ng4 Nxg4 22.hxg4 Bc5
23.Nd3 Bb6 24.g3 Rh8 25.Kg2 Qe7 26.Rh1 Rxh1 27.Rxh1 Rd8 28.Kf1 Qe6 29.Kg2 Bd4
30.Rd1 Rh8 31.c3 Bb6 32.b4 axb4 33.axb4 Ra8 34.Nc5 Bxc5 35.bxc5 Qf6 36.Qe3  1/2-1/2

[Event "TCh-MNE Premier League"]
[Site "Cetinje MNE"]
[Date "2010.07.25"]
[Round "2"]
[White "Todorovic,J"]
[Black "Solak,D"]
[Result "1/2-1/2"]
[WhiteElo "2410"]
[BlackElo "2567"]

1.e4 d6 2.d4 Nf6 3.Nc3 e5 4.Nf3 Nbd7 5.g4 Nxg4 6.Rg1 Ngf6 7.Bc4 h6 8.Be3 c6
9.Qd3 b5 10.Bb3 Qa5 11.O-O-O Ba6 12.dxe5 dxe5 13.Nd2 O-O-O 14.Bxf7 b4 15.Nb3 Bxd3
16.Nxa5 Ba6 17.Nb1 Kc7 18.Nd2 g5 19.f3 Bc5 20.Bxc5 Nxc5 21.Ndc4 Rxd1+ 22.Rxd1 Bxc4
23.Nxc4 Rf8 24.Nxe5 Nfd7 25.Nxd7 Nxd7 26.Be6 Ne5 27.Bf5 Nxf3 28.Rd7+ Kb6
29.Rd6 h5 30.Rh6 h4 31.Rg6 Rd8 32.h3 Rd2 33.Bg4 Rf2 34.Bxf3 Rxf3 35.Rxg5 Rxh3
36.Rh5 Rh2 37.a3 a5 38.axb4 axb4 39.b3 h3 40.Kb2 Rh1 41.e5 Kc5 42.e6+ Kd6
43.Rh6 Ke7 44.Ka2 Rh2 45.Kb2 Rh1 46.Ka2 Rh2  1/2-1/2

[Event "Andorra Open"]
[Site "La Massana AND"]
[Date "2010.07.25"]
[Round "9"]
[White "Bertrand,Q"]
[Black "Berkovich,M"]
[Result "1/2-1/2"]
[WhiteElo "2124"]
[BlackElo "2397"]

1.e4 d6 2.d4 Nf6 3.Nc3 Nbd7 4.Nf3 e5 5.Bc4 Be7 6.O-O O-O 7.Re1 c6 8.a4 a5
9.b3 Qc7 10.Bb2 h6 11.Bd3 Re8 12.Ne2 exd4 13.Nfxd4 Ne5 14.Ng3 Bf8 15.f4 Nxd3
16.Qxd3 d5 17.e5 Nd7 18.Ngf5 Nc5 19.Qg3 Ne4 20.Rxe4 dxe4 21.Nxh6+ Kh7 22.Ng4 Bxg4
23.Qxg4 Rad8 24.Nf5 Qd7 25.Rf1 Qe6 26.Kh1 Rd2 27.Ba3 g6 28.Qh4+ Kg8 29.Bxf8 Qxf5
30.g4 Qe6 31.Bg7 Kxg7 32.f5 Qd5 33.c4 Qxe5 34.f6+ Kg8 35.Qh6 Rxh2+ 36.Qxh2 Qxh2+
37.Kxh2 g5 38.Kg2 Kh7 39.Rf5 e3 40.Kf1 e2+ 41.Ke1 Kg6 42.Rxa5 Re3 43.b4 Re4
44.Ra7 b5 45.cxb5 cxb5 46.axb5 Rxb4 47.Ra5 Rb2 48.Ra6 Rb4 49.Ra3 Kxf6 50.Kxe2 Rxb5
51.Kf3 Rc5 52.Kg3 Ke6 53.Rd3 f6 54.Ra3 Rc4 55.Kf3 Rf4+ 56.Kg3 Rd4 57.Kf3 Rd1
58.Ra6+ Ke5 59.Ra5+ Rd5  1/2-1/2

[Event "COQ Inv"]
[Site "Montreal CAN"]
[Date "2010.07.25"]
[Round "2"]
[White "Kraiouchkine,N"]
[Black "Malaniuk,V"]
[Result "0-1"]
[WhiteElo "2155"]
[BlackElo "2543"]

1.e4 d6 2.d4 Nf6 3.Nc3 e5 4.dxe5 dxe5 5.Qxd8+ Kxd8 6.Bg5 Be6 7.O-O-O+ Kc8
8.f4 exf4 9.Nge2 Nbd7 10.Nxf4 Bg4 11.Re1 Bd6 12.h3 Be6 13.Nxe6 fxe6 14.g4 Ne5
15.Bg2 a6 16.Rhf1 Rf8 17.Ne2 Kd7 18.Nd4 h6 19.Bd2 Nh7 20.Nf3 Nxf3 21.Bxf3 Bf4
22.e5 Bxd2+ 23.Kxd2 c6 24.h4 Ke7 25.Kc3 Rf4 26.Be4 Rxf1 27.Rxf1 Nf8 28.g5 hxg5
29.Rg1 Rd8 30.Rxg5 Kf7 31.Bf3 a5 32.a3 Kg8 33.Rg4 Ra8 34.Kd4 Nd7 35.Rg5 Rd8
36.Ke3 a4 37.Be2 Nc5 38.Bf3 Nd7 39.Rg4 Ra8 40.Rg5 Ra5 41.Bg4 Nf8 42.Kd4 Rb5
43.Kc3 Rc5+ 44.Kd3 Rb5 45.Kc3 Kf7 46.b3 axb3 47.cxb3 Nh7 48.Bxe6+ Kxe6 49.Rxg7 Nf8
50.a4 Rc5+ 51.Kb4 b6 52.Rc7 Kxe5 53.Rb7 Kd6 54.Rxb6 Nd7 55.Rb7 Rh5 56.Ka3 Rxh4
57.b4 Ne5 58.a5 Rh3+ 59.Kb2 Nc4+ 60.Kc2 Na3+ 61.Kb2 Nb5 62.Rg7 Nd4 63.Ka2 Kd5
64.Rb7 Kc4 65.Rb6 Rh2+ 66.Kb1 Kb3 67.Kc1 Kc3 68.Kb1 Rb2+ 69.Kc1 Rxb4  0-1

[Event "3rd Open"]
[Site "Paleochora GRE"]
[Date "2010.07.25"]
[Round "5"]
[White "Tukhaev,A"]
[Black "Vorobiov,E"]
[Result "1/2-1/2"]
[WhiteElo "2518"]
[BlackElo "2592"]

1.e4 d6 2.d4 Nf6 3.Nc3 e5 4.Nf3 Nbd7 5.Bc4 Be7 6.O-O O-O 7.a4 a5 8.Re1 c6
9.Ba2 h6 10.h3 Re8 11.Be3 Qc7 12.Nh4 Nf8 13.dxe5 dxe5 14.Qf3 Be6 15.Bxe6 Nxe6
16.Nf5 Ng5 17.Qe2 Bf8 18.h4 Ne6 19.Qf3 h5 20.Ng3  1/2-1/2

[Event "ch-AUT w"]
[Site "Vienna AUT"]
[Date "2010.07.25"]
[Round "2"]
[White "Hapala,L"]
[Black "Mira,H"]
[Result "1/2-1/2"]
[WhiteElo "1674"]
[BlackElo "2133"]

1.e4 d6 2.d4 Nf6 3.Nc3 c6 4.f4 Qa5 5.e5 Ne4 6.Qf3 Nxc3 7.Bd2 Qd5 8.bxc3 Qxf3
9.Nxf3 Bf5 10.Bd3 Bxd3 11.cxd3 e6 12.Ke2 Be7 13.Rhb1 b6 14.a4 Nd7 15.a5 b5
16.c4 a6 17.Ra2 dxe5 18.fxe5 O-O-O 19.Rc2 Kb7 20.Ng5 Bxg5 21.Bxg5 f6 22.Bh4 g5
23.Bg3 f5 24.Rbc1 Rc8 25.Be1 Nf8 26.cxb5 axb5 27.a6+ Kb6 28.a7 Kxa7 29.Rxc6 Rxc6
30.Rxc6 Ng6 31.g3 Re8 32.Ba5 Nf8 33.Bb4 Kb7 34.Rd6 Ra8 35.Ke3 Kc7 36.Bc5 Nd7
37.Rxe6  1/2-1/2

[Event "Tch-POR 1st Div Final"]
[Site "Vila Nova de Gaia POR"]
[Date "2010.07.25"]
[Round "2.1"]
[White "Cabezas Ayala,I"]
[Black "Cuenca Jimenez,J"]
[Result "1/2-1/2"]
[WhiteElo "2355"]
[BlackElo "2464"]

1.e4 d6 2.d4 Nf6 3.Nc3 e5 4.Nf3 Nbd7 5.Bc4 Be7 6.a4 O-O 7.O-O c6 8.a5 Rb8
9.Qe2 b5 10.axb6 axb6 11.d5 cxd5 12.Nxd5 Nxd5 13.Bxd5 Nf6 14.Bc6 Qc7 15.Bb5 Bb7
16.Nd2 Qxc2 17.Ra3 Qc8 18.Rc3 Qe6 19.Bc6 d5 20.Bxb7 Rxb7 21.Qb5 dxe4 22.Rc6 Qd5
23.Qxd5 Nxd5 24.Nxe4 Nb4 25.Rc4 b5 26.Rc3 Rd8 27.g4 h6 28.Be3 Nd5 29.Rd3 Nxe3
30.Rxd8+ Bxd8 31.fxe3 Bb6 32.Kf2 Rc7 33.Kf3 Rc2 34.Rf2 Rxf2+ 35.Kxf2 Kf8
36.Kf3 b4 37.Nf2 f6 38.Nd3 Ba5 39.h4 Kf7 40.h5 g6 41.e4 Kg7 42.b3 Kf7 43.Ne1 Bd8
44.Ng2 gxh5 45.gxh5 f5 46.exf5 Kf6 47.Ke4 Bb6 48.Ne1 Bd4 49.Nd3 Bc3 50.Nc5 Kg5
51.Nd7 Kxh5 52.Nxe5 Kg5 53.Nf7+ Kh5 54.Kd5 Kg4 55.Nxh6+  1/2-1/2

[Event "Brunei Inv IM"]
[Site "Bandar Seri Begawan BRU"]
[Date "2010.07.26"]
[Round "1"]
[White "Yee Soon Wei"]
[Black "Barbosa,O PHI"]
[Result "1/2-1/2"]
[WhiteElo "2260"]
[BlackElo "2433"]

1.e4 d6 2.d4 Nf6 3.Nc3 e5 4.Nf3 Nbd7 5.Bc4 Be7 6.O-O O-O 7.Re1 c6 8.a4 b6
9.d5 cxd5 10.Nxd5 Bb7 11.b3 Rc8 12.Ra2 Nxd5 13.Bxd5 Bxd5 14.Qxd5 Nf6 15.Qd1 d5
16.exd5 e4 17.Ng5 Nxd5 18.c4 Bxg5 19.Bxg5 Qxg5 20.cxd5 Rfd8 21.d6 Qe5 22.d7 Rc7
23.Rc2 g6 24.Rxc7 Qxc7 25.Rxe4 Qxd7 26.Qxd7 Rxd7 27.g3  1/2-1/2

[Event "97th ch-GBR"]
[Site "Canterbury ENG"]
[Date "2010.07.26"]
[Round "1"]
[White "Conquest,S"]
[Black "Chapman,T"]
[Result "1-0"]
[WhiteElo "2523"]
[BlackElo "2251"]

1.e4 d6 2.d4 Nf6 3.Nc3 e5 4.Nf3 Nbd7 5.g3 c6 6.Bg2 b5 7.O-O Be7 8.Re1 O-O
9.b3 Qc7 10.Bb2 Re8 11.Qd2 b4 12.Nd1 c5 13.dxe5 dxe5 14.Ne3 Bb7 15.Nd5 Nxd5
16.exd5 Bd6 17.c3 a5 18.Rac1 Qb8 19.Nh4 g6 20.Nf3 Ra6 21.h4 e4 22.Ng5 f5
23.Ne6 Ne5 24.h5 Nd3 25.hxg6 hxg6 26.cxb4 Rxe6 27.dxe6 Kh7 28.bxc5 Bxc5 29.Rxc5 Nxc5
30.Qg5  1-0

[Event "TCh-MNE Premier League"]
[Site "Cetinje MNE"]
[Date "2010.07.26"]
[Round "3"]
[White "Popadic,Dr"]
[Black "Mrsevic,M"]
[Result "1-0"]
[WhiteElo "2268"]
[BlackElo "2304"]

1.e4 d6 2.d4 Nf6 3.Nc3 Nbd7 4.Nf3 e5 5.Bc4 Be7 6.O-O O-O 7.Re1 a6 8.Bb3 b5
9.Nd5 Bb7 10.c3 Re8 11.Nxf6+ Bxf6 12.d5 Nf8 13.Be3 h6 14.Rc1 Bc8 15.Qd3 Ng6
16.c4 Nf4 17.Bxf4 exf4 18.cxb5 Bxb2 19.Rc2 Ba3 20.b6 cxb6 21.Ba4 b5 22.Qxa3 Qa5
23.Qxd6 Bg4 24.Rce2 Bxf3 25.gxf3 Qxa4 26.Qxf4 Rad8 27.Rd2 Qb4 28.Red1 Rd6
29.Rd4 Qa3 30.R1d3 Rg6+ 31.Kf1 Qxa2 32.d6 Rd8 33.d7 Rc6 34.Rd1 Rc2 35.R4d2 b4
36.Qd6 Rxd2 37.Rxd2 Qa1+ 38.Rd1 Qa4 39.Ke2 Qa5 40.Rd5 Qa1 41.Re5 Qa4 42.Rd5 Qa1
43.Rc5 Kh7 44.Rc8 Qa5 45.Qe7 f6 46.Qxd8  1-0

[Event "3rd Open"]
[Site "Paleochora GRE"]
[Date "2010.07.26"]
[Round "6"]
[White "Villar Nieves,A"]
[Black "Vuilleumier,A"]
[Result "1/2-1/2"]
[WhiteElo "2209"]
[BlackElo "2361"]

1.d4 d6 2.e4 Nf6 3.Nc3 Nbd7 4.Be3 e5 5.Bc4 Be7 6.Nge2 c6 7.a4 Nxe4 8.Nxe4 d5
9.Bxd5 cxd5 10.N4c3 exd4 11.Qxd4 Nf6 12.Nf4 O-O 13.Nfxd5 Nxd5 14.Nxd5 Be6
15.Rd1 Rc8 16.O-O Rxc2 17.Qe4 Rxb2 18.Nf6+ Bxf6 19.Rxd8 Rxd8 20.Bxa7 Rd5
21.h3 h5 22.Be3 g6 23.Rc1 Be5 24.Bf4 Bd4 25.Be3 Bxe3 26.Qxe3 Ra2 27.Qa7 Rdd2
28.a5 Rdb2 29.Rd1 b6 30.axb6 Rxf2 31.Qxa2 Rxa2 32.b7 Rb2 33.Rd8+ Kg7 34.b8=Q Rxb8
35.Rxb8 h4 36.Kf2 Bd5 37.Rb2 Kf6 38.Ke3 Ke5 39.Rf2 g5 40.Rb2  1/2-1/2

[Event "21st Czech GM Open"]
[Site "Pardubice CZE"]
[Date "2010.07.26"]
[Round "4"]
[White "Savitskiy,S"]
[Black "Cifka,S"]
[Result "1-0"]
[WhiteElo "2245"]
[BlackElo "2420"]

1.e4 d6 2.d4 Nf6 3.Nc3 e5 4.dxe5 dxe5 5.Qxd8+ Kxd8 6.Bc4 Ke8 7.Bg5 Bd6 8.O-O-O Nbd7
9.Nge2 a6 10.a4 h6 11.Bh4 Bb4 12.f3 Nb6 13.Bb3 Ke7 14.f4 Bd6 15.a5 Nd7 16.Nd5+ Ke8
17.Ba4 Nxd5 18.Rxd5 exf4 19.Rhd1 f6 20.Nd4 Kf7 21.Bb3 Kg6 22.c4 Ne5 23.c5 Be7
24.Ne2 Kh7 25.Rxe5 fxe5 26.Bxe7 Re8 27.Bh4 Be6 28.Ba4 c6 29.Rd6 g5 30.Be1 g4
31.Bh4 Bc4 32.Kd2 Rf8 33.b3 Bg8 34.Ke1 Rac8 35.Kf2 Rc7 36.Bf6 f3 37.gxf3 Rcf7
38.Bxe5 Rxf3+ 39.Ke1 Bxb3 40.Bxb3 Rxb3 41.Rd7+ Kg6 42.Rg7+ Kh5 43.Nf4+  1-0

[Event "TCh-CHN"]
[Site "Shanghai CHN"]
[Date "2010.07.26"]
[Round "9"]
[White "Wang Jue"]
[Black "Wang Xiaohui"]
[Result "0-1"]
[WhiteElo "2180"]
[BlackElo "2238"]

1.e4 d6 2.d4 Nf6 3.Nc3 e5 4.Nf3 Nbd7 5.Bc4 Be7 6.O-O O-O 7.Re1 c6 8.a4 b6
9.Ba2 Bb7 10.h3 a6 11.Bg5 Re8 12.Qd2 Qc7 13.Nh4 Bf8 14.Nf5 exd4 15.Qxd4 c5
16.Qd3 c4 17.Bxc4 Ne5 18.Qg3 Nh5 19.Qh4 Nxc4 20.Qxh5 f6 21.Bf4 g6 22.Nh6+ Bxh6
23.Qxh6 Nxb2 24.Nd5 Bxd5 25.exd5 Qf7 26.Bxd6 Qxd5 27.Qf4 Re6 28.Be7 Kf7 29.Bb4 g5
30.Qc7+ Kg6 31.Qc3 Rxe1+ 32.Rxe1 Nxa4 33.Qc7 a5 34.Re7 Rg8 35.Bd6 Nc3 36.Rxh7 Nb5
37.Qd7 Qd1+ 38.Kh2 Qxd6+ 39.Qxd6 Nxd6 40.Rd7 Nc4 41.Rc7 b5 42.Ra7 Re8 43.Rb7 Re2
44.Rxb5 Rxf2 45.c3 Rc2 46.Rb3 Ra2 47.Kg3 Ra3 48.Rb7 Rxc3+ 49.Kf2 a4 50.Ra7 a3
51.Kg1 Rd3 52.Kh2 Rd5 53.Re7 a2 54.Re1 Ra5  0-1

[Event "Tch-POR 1st Div Final"]
[Site "Vila Nova de Gaia POR"]
[Date "2010.07.26"]
[Round "3.2"]
[White "Talla,V"]
[Black "Garrido Dominguez,J"]
[Result "1-0"]
[WhiteElo "2476"]
[BlackElo "2416"]

1.e4 d6 2.d4 Nf6 3.Nc3 e5 4.dxe5 dxe5 5.Qxd8+ Kxd8 6.Bg5 Be7 7.Nf3 Nbd7 8.Bc4 Rf8
9.O-O-O Ne8 10.Be3 Nd6 11.Bb3 c6 12.Nd2 f5 13.f4 exf4 14.Bxf4 fxe4 15.Rhf1 e3
16.Bxe3 Rxf1 17.Nxf1 Nf5 18.Bf4 g5 19.Ne3 Nd4 20.Bg3 Nxb3+ 21.axb3 Ke8 22.Nf5 Nf6
23.Nxe7 Kxe7 24.h4 h6 25.hxg5 hxg5 26.Bf2 Bf5 27.Be3 Rg8 28.Bxa7 g4 29.Bd4 Nd5
30.Re1+ Kd7 31.Ne4 b6 32.Ng3 Be6 33.c4 Nf4 34.Rd1 Nxg2 35.Bxb6+ Kc8 36.Rd6 Bd7
37.Ne4 Rf8 38.Nf6 Rf7 39.Nxd7 Rxd7 40.Rxc6+ Kb7 41.Rf6 Rd3 42.b4 g3 43.Bc5 Nh4
44.Rf7+ Kc8 45.Rg7 Nf5 46.Rg5 Ne3 47.Bxe3 Rxe3 48.Kc2 Kd7 49.b5 Ke6 50.Rg8 Kd6
51.Rg5 Ke6 52.b3 Kf6 53.Rg8 Kf7 54.Rg4 Ke6 55.Kb2 Kd6 56.Ka3  1-0

[Event "TCh-MNE Premier League"]
[Site "Cetinje MNE"]
[Date "2010.07.27"]
[Round "4"]
[White "Kovacevic,A"]
[Black "Pikula,D"]
[Result "1/2-1/2"]
[WhiteElo "2581"]
[BlackElo "2547"]

1.e4 d6 2.d4 Nf6 3.Nc3 e5 4.Nf3 Nbd7 5.Bc4 Be7 6.O-O O-O 7.a4 a5 8.Re1 c6
9.h3 Qc7 10.Ba2 h6 11.Nh4 Re8 12.Nf5 Bf8 13.Be3 exd4 14.Bxd4 Ne5 15.Ng3 Be6
16.Bxe6 fxe6 17.Qe2 Qf7 18.Rad1 Nfd7 19.Rf1 Ng6  1/2-1/2

[Event "IV AD San Juan Open"]
[Site "Pamplona ESP"]
[Date "2010.07.27"]
[Round "3"]
[White "Balogh,C"]
[Black "Alvarez Pedraza,A"]
[Result "1/2-1/2"]
[WhiteElo "2628"]
[BlackElo "2496"]

1.e4 d6 2.d4 Nf6 3.Nc3 e5 4.Nf3 Nbd7 5.Bc4 Be7 6.O-O O-O 7.a4 a6 8.Re1 b6
9.b3 Bb7 10.Bb2 c6 11.Bd3 Re8 12.Ne2 Bf8 13.Ng3 g6 14.c3 Qc7 15.Qc2 Bg7 16.dxe5 Nxe5
17.Nxe5 dxe5 18.Rad1 h5 19.Nf1 h4 20.h3 Nh5 21.Be2 Nf4 22.Bg4 Rad8 23.Ba3 a5
24.Rxd8 Rxd8 25.Rd1 Ba6 26.g3 hxg3 27.fxg3 Nh5 28.Bxh5 gxh5 29.Ne3 Bc8 30.h4 Bh6
31.Nf5 Bxf5 32.exf5 Rd5 33.c4 Rd4 34.Qe2 Qd7 35.Rf1 Rd2 36.Qxe5 Bg7 37.f6 Qh3
38.Qe8+ Kh7 39.Qe4+ Kg8 40.Qe8+ Kh7  1/2-1/2

[Event "21st Czech GM Open"]
[Site "Pardubice CZE"]
[Date "2010.07.27"]
[Round "5"]
[White "Haba,P"]
[Black "Krapivin,Vl"]
[Result "1-0"]
[WhiteElo "2512"]
[BlackElo "2362"]

1.e4 d6 2.d4 Nf6 3.Nc3 e5 4.Nf3 Nbd7 5.Bc4 Be7 6.O-O O-O 7.Re1 c6 8.a4 a5
9.h3 Nb6 10.Ba2 exd4 11.Nxd4 d5 12.exd5 Nbxd5 13.Nxd5 Nxd5 14.Bxd5 cxd5 15.Bf4 Bc5
16.Nb5 Be6 17.Qd3 Qf6 18.Qg3 Rac8 19.c3 Rfd8 20.Rad1 Rd7 21.Re5 h6 22.Be3 Bd6
23.Nxd6 Rxd6 24.Rh5 Qg6 25.Qxd6 Qxh5 26.Re1 Qh4 27.Kh2 Kh7 28.Bd4 Qd8 29.Qg3 Qg5
30.Qf3 Rc6 31.Re3 Qh4 32.Qe2 Bf5 33.Rg3 Bg6 34.Qe5 f6 35.Qb8 Re6 36.Qxb7 Qf4
37.Be3 Qd6 38.Kg1 Re4 39.Rg4 Rxg4 40.hxg4 Qe6 41.b4 Be4 42.Qb5 Qxg4 43.Qf1 Bc2
44.bxa5 Qg6 45.f3 Bd3 46.Qe1 Qe8 47.Qd2 Bc4 48.Qc2+ Kg8 49.Kf2 Kf7 50.Qh7 Qg8
51.Qxg8+ Kxg8 52.Bf4 d4 53.cxd4 Kf7 54.Bd6 h5 55.Ke3 Ke6 56.Bf8 g5 57.Bg7 Bd5
58.a6 g4 59.fxg4 hxg4 60.g3 Bf3 61.a7 f5 62.Kf4 Bd5 63.Be5 Bf3 64.Kg5 Be4
65.a5 Bd5 66.Bf4 Be4 67.Kg6 Bd5 68.Kg7 Ke7 69.Bg5+ Ke6 70.Kf8 Kd7 71.Bh4 Bf3
72.Kf7 Bc6 73.Kf6 Be4 74.Ke5 Bb7 75.Kxf5 Bf3 76.a8=Q Bxa8 77.Kxg4 Ke6 78.Kf4  1-0

[Event "ch-AUT w"]
[Site "Vienna AUT"]
[Date "2010.07.27"]
[Round "4"]
[White "Kopinits,A"]
[Black "Mira,H"]
[Result "1/2-1/2"]
[WhiteElo "2187"]
[BlackElo "2133"]

1.e4 d6 2.d4 Nf6 3.Nc3 e5 4.dxe5 dxe5 5.Qxd8+ Kxd8 6.Bc4 Be6 7.Bxe6 fxe6
8.f3 Bb4 9.Bd2 c6 10.O-O-O Nbd7 11.Nh3 Ke7 12.Be1 Bd6 13.Bg3 b5 14.Nb1 h6
15.Nf2 Nh5 16.Nd2 a5 17.Nd3 g5 18.Bf2 Nf4 19.Nxf4 exf4 20.Nb3 Be5 21.Rd2 a4
22.Nc5 Rhd8 23.Rhd1 Nxc5 24.Bxc5+ Ke8 25.Rxd8+ Rxd8 26.Rxd8+ Kxd8 27.b3 axb3
28.cxb3 h5 29.h3 Kd7 30.Kc2 Bd6 31.Bxd6 Kxd6 32.a4 Kc5 33.Kc3 Kb6 34.Kd4 c5+
35.Kc3 e5 36.Kc2 Ka5 37.Kc3  1/2-1/2

[Event "Tch-POR 1st Div Final"]
[Site "Vila Nova de Gaia POR"]
[Date "2010.07.27"]
[Round "4.3"]
[White "Appel,R"]
[Black "Strikovic,A"]
[Result "1-0"]
[WhiteElo "2544"]
[BlackElo "2554"]

1.d4 d6 2.e4 Nf6 3.Nc3 e5 4.Nf3 Nbd7 5.Bc4 Be7 6.O-O Nb6 7.Be2 exd4 8.Nxd4 O-O
9.a4 a5 10.f4 Re8 11.Kh1 Bf8 12.Bf3 g6 13.e5 dxe5 14.fxe5 Rxe5 15.Bf4 Qe7
16.Bxe5 Qxe5 17.Qd3 Bc5 18.Rad1 Bg4 19.Rfe1 Qf4 20.Ne4 Nbd7 21.Qd2 Qxd2 22.Rxd2 Bxf3
23.Nxf3 Nxe4 24.Rxe4 Bd6 25.b3 Nc5 26.Ree2 Bf8 27.g3 f6 28.Nd4 Kf7 29.Nb5 Rc8
30.Kg2 Be7 31.Na3 f5 32.Nc4 Ne4 33.Rd7 Kf8 34.Rd3 b6 35.g4 Kf7 36.Rf3 Bf6
37.gxf5 gxf5 38.Rxf5 Rg8+ 39.Kf1 Nc5 40.Ref2 Ne4 41.R2f4 Ke6 42.Ne3 Nd2+
43.Ke2 Bc3 44.Kd3 Nb1 45.Rf8 Rg7 46.Re4+ Kd7 47.Rg4 Ke6 48.Re8+  1-0

[Event "MTO"]
[Site "Biel SUI"]
[Date "2010.07.28"]
[Round "9"]
[White "Illijin,N"]
[Black "Mensch,E"]
[Result "1-0"]
[WhiteElo "2225"]
[BlackElo "2366"]

1.e4 d6 2.d4 Nf6 3.Nc3 Nbd7 4.Nf3 e5 5.h3 c6 6.Be3 Be7 7.Bd3 O-O 8.O-O b5
9.a4 b4 10.Ne2 c5 11.dxe5 dxe5 12.Ng3 Bb7 13.Qe2 Re8 14.Rfd1 Qc7 15.a5 Nf8
16.Bc4 Ne6 17.Ng5 Nxg5 18.Bxg5 Bc8 19.Bxf6 Bxf6 20.Bd5 Rb8 21.Nf1 Bg5 22.Qc4 g6
23.Rd3 Kg7 24.Rf3 Re7 25.b3 Bd7 26.Qe2 Bb5 27.Bc4 Bxc4 28.Qxc4 Rd8 29.c3 bxc3
30.Rxc3 Rd4 31.Qe2 Qb7 32.Rxc5 Rxe4 33.Qc2 Rb4 34.Rb1 Rd4 35.Re1 f6 36.Rd1 Red7
37.Rxd4 exd4 38.Qd3 f5 39.Ng3 Qb4 40.Rc4 Qxa5 41.Kh2 Qe5 42.Rc8 Qe6 43.b4 h5
44.b5 Bf4 45.Kg1 h4 46.Nf1 Qd5 47.Rc6 Qe4 48.Qb3 d3 49.Re6 Qd4 50.Re8 Rf7
51.Qe6 Qd7 52.Qe1 Kh7 53.Qa1 Qxe8  1-0

[Event "21st Czech GM Open"]
[Site "Pardubice CZE"]
[Date "2010.07.28"]
[Round "6"]
[White "Michiels,B"]
[Black "Maslak,K"]
[Result "0-1"]
[WhiteElo "2460"]
[BlackElo "2560"]

1.e4 d6 2.d4 Nf6 3.Nc3 e5 4.Nf3 Nbd7 5.Bc4 Be7 6.O-O O-O 7.Re1 c6 8.a4 Qc7
9.a5 h6 10.h3 Re8 11.Be3 Bf8 12.Bb3 exd4 13.Bxd4 Ne5 14.Nd2 Be6 15.Bxe6 fxe6
16.Bxe5 dxe5 17.Qe2 b5 18.axb6 axb6 19.Nb3 b5 20.Ra2 Rxa2 21.Nxa2 Ra8 22.Ra1 Kf7
23.Nac1 Rxa1 24.Nxa1 Qa7 25.Nab3 Qa4 26.Nd3 Bd6 27.f4 Qa7+ 28.Kh1 Qc7 29.Nd2 g6
30.g4 Nd7 31.f5 Qd8 32.fxg6+ Kxg6 33.Kg2 Kg7 34.Qe3 c5 35.c4 Qa5 36.cxb5 Qxb5
37.g5 hxg5 38.b3 Be7 39.Nb2 Nf8 40.Nbc4 Ng6 41.Qc3 Bf6 42.Qa5 Nf4+ 43.Kh2 Qe8
44.Qc7+ Kh6 45.Qxc5 Qh5 46.Qe3 g4 47.b4 Bg5 48.Nf1 Nxh3 49.Qc5 Qf7 50.Ng3 Bf4
51.Ne3 Kg5 52.Nf1 Kh4 53.b5 Bxg3+ 54.Nxg3 Qf3 55.Qe7+ Ng5 56.Nh1 g3+ 57.Kg1 Kh3  0-1